Music Quiz

Random Music or Bands Quiz

Blitz: Nirvana or Pearl Jam? Quiz Stats

 Plays Quiz Updated Jul 27, 2014

Support Sporcle.
Go Orange.
Score 0/27 Timer 01:00
2 Plays Today
Song Title (N)irvana or (P)earl Jam? % Correct
Smells Like Teen Spirit???
87.1%
Come As You Are???
85.4%
Lithium???
84.4%
Heart-Shaped Box???
84.2%
In Bloom???
81.9%
Jeremy???
81.8%
All Apologies???
80.9%
Better Man???
79.9%
Daughter???
78.2%
Last Kiss???
77.7%
About A Girl???
77%
Given To Fly???
74.5%
Aneurysm???
73.4%
The Fixer???
73.2%
Song Title (N)irvana or (P)earl Jam? % Correct
Spin The Black Circle/Tremor Christ???
73%
Wishlist???
72.8%
Just Breathe???
72.7%
On A Plain???
71.2%
Brother???
71.2%
Sliver???
70.9%
I Am Mine???
70.5%
I Got Id???
69.2%
Who You Are???
66.6%
World Wide Suicide???
65.2%
Lounge Act???
64.7%
You Know You're Right???
63.8%
Been a Son???
60.7%

You're not logged in!

Compare scores with friends on all Sporcle quizzes.
OR
Log In

From the Vault

TV To-Do Lists IV

by Thebiguglyalien

This is the part where we realize we haven't been keeping good track of our to-do lists.
Remove Ads.
Support Sporcle.
Get the best of Sporcle when you Go Orange. This ad-free experience offers more features, more stats, and more fun while also helping to support Sporcle. Thank you for becoming a member.

Show Comments

Extras

Top Quizzes Today


Score Distribution

Your Account Isn't Verified!

In order to create a playlist on Sporcle, you need to verify the email address you used during registration. Go to your Sporcle Settings to finish the process.

Report this User

Report this user for behavior that violates our Community Guidelines.

Details: